Prima Lettera delle Città Brasiliane - Statistics

Statistiche generali
  • Questo quiz è stato fatto 90 volte
  • Il punteggio medio è 13 su 21
Statistiche sulle risposte
Hint Risposta % Corretto
_orto Alegre P
98%
_io de Janeiro R
98%
_ão Paulo S
98%
_rasilia B
96%
_ortaleza F
88%
_eresina T
75%
_oão Pessoa J
74%
_ueimados Q
70%
_ila Velha V
70%
_uritiba C
63%
_anaus M
61%
_ova Iguaçu N
61%
_racaju A
51%
_oiânia G
51%
_ondrina L
51%
_sasco O
39%
_uque de Caxias D
33%
_berlândia U
32%
_ortolândia H
28%
_mbu das Artes E
16%
_taquaquecetuba I
16%
Nessun quiz corrispondente trovato
Distribuzione punteggi
Percentuale di utenti per punteggio
Percentile per numero di risposta
I tuoi punteggi nel tempo
Non hai fatto questo quiz